[Event "SRB-chT 1st League"]
[Site "Kragujevac"]
[Date "2016.09.10"]
[Round "1.2"]
[White "Manic, Ljubomir"]
[Black "Merdovic, Miroljub"]
[Result "0-1"]
[WhiteElo "2152"]
[BlackElo "2123"]
[PlyCount "104"]
[EventDate "2016.09.10"]
[EventType "team-tourn"]
[EventRounds "11"]
[EventCountry "SRB"]
[SourceTitle "CBM 174 Extra"]
[Source "ChessBase"]
[SourceDate "2016.10.10"]
[SourceVersion "1"]
[SourceVersionDate "2016.10.10"]
[SourceQuality "1"]
[WhiteTeam "Pirot Progres"]
[BlackTeam "Sabac"]
[WhiteTeamCountry "SRB"]
[BlackTeamCountry "SRB"]

1. Nf3 c6 2. b3 d6 3. d4 Qc7 4. Bb2 Bg4 5. Nbd2 Nd7 6. e4 e5 7. Be2 Ngf6 8. 0-0 Be7 9. c4 0-0 10. Re1 Rfe8 11. Qc2 Nf8 12. dxe5 N6d7 13. exd6 Bxd6 14. h3 Bh5 15. Nd4 Bg6 16. a3 Bf4 17. f3 Nf6 18. Bd3 Rad8 19. b4 Rd7 20. N2b3 Red8 21. Rad1 Bg3 22. Rf1 Bh2+ 23. Kh1 Be5 24. Be2 Nh5 25. Rfe1 Bg3 26. Rf1 Qf4 27. Bc1 Qh4 28. f4 Bf2 29. Bxh5 Bxh5 30. Rxf2 Bxd1 31. Qb2 Bxb3 32. Nxb3 Qg3 33. Rd2 Ng6 34. Nd4 Qe1+ 35. Kh2 Qxe4 36. Nf3 Qxf4+ 37. Kh1 Qxc4 38. Rc2 Qf1+ 39. Kh2 h5 40. Be3 Rd1 41. h4 R8d3 42. Re2 Qh1+ 43. Kg3 Rb1 44. Qc2 Qd1 45. Qxd1 Rbxd1 46. Bxa7 Rxa3 47. Bc5 f6 48. Re8+ Kf7 49. Rb8 Rd7 50. Kf2 Nf4 51. Rf8+ Kg6 52. Kg3 Nd3 0-1